|
|
|
|
| LEADER |
00000nam a2200000 a 4500 |
| 001 |
vtls001447009 |
| 003 |
SK-MaSNL |
| 005 |
20260301073013.0 |
| 008 |
251031sm y0 xo r 0 slo |
| 015 |
|
|
|a SNBA2003/04-01054
|
| 020 |
|
|
|a 8096857266
|
| 035 |
|
|
|a SNK000402265
|
| 040 |
|
|
|a SNK
|b slo
|c SNK
|e AACR2
|
| 041 |
0 |
|
|a slo
|
| 044 |
|
|
|a xo
|c SK
|
| 072 |
|
7 |
|a 27-4
|x Praktická teológia. Morálna teológia
|2 konspekt
|
| 080 |
|
|
|a 27
|2 2. slo
|
| 080 |
|
|
|a 27
|2 1981
|
| 080 |
|
|
|a 26-277.2
|2 1981
|
| 080 |
|
|
|a (0:82-4)
|2 1981
|
| 100 |
1 |
|
|a Meyer, Joyce,
|d 1943-
|4 aut
|9 151315
|
| 240 |
1 |
0 |
|a Tell them i love them
|l Slovensky
|
| 245 |
1 |
|
|a Povedz im, že ich milujem
|b zjavenie Božej lásky pre teba
|c Joyce Meyer ; [preklad Mária Kupčiová]
|
| 250 |
|
|
|a 1. slov. vyd.
|
| 260 |
|
|
|a Humenné
|b Kresťanské spoločenstvo Humenné
|c 2002
|
| 300 |
|
|
|a 67 s.
|c 15 cm
|
| 500 |
|
|
|a Údaj o prekl. prevzatý z rubu tit. strany
|
| 500 |
|
|
|a 5000 výt.
|
| 650 |
0 |
7 |
|a viera kresťanská
|x citáty biblické
|x výklady
|2 SNK
|9 393392
|
| 650 |
0 |
7 |
|a citáty bublické
|x výklady
|2 SNK
|9 393393
|
| 650 |
0 |
7 |
|a kresťanská viera
|2 SNK
|9 1712
|
| 650 |
0 |
7 |
|a biblické citáty
|2 SNK
|9 1914
|
| 655 |
|
7 |
|a príručky
|2 SNK
|9 74364
|
| 655 |
|
7 |
|a úvahy
|2 SNK
|9 29403
|
| 700 |
1 |
|
|a Kupčiová, Mária
|4 trl
|9 393394
|
| 730 |
|
|
|t Tell them i love them
|9 393395
|
| 919 |
|
|
|a 80-968572-6-6
|
| 958 |
|
|
|a OP
|
| 958 |
|
|
|a NS
|
| 958 |
|
|
|a NT
|
| 968 |
|
|
|b ENG
|d 2
|
| 999 |
|
|
|c 642839
|d 644769
|
| 952 |
|
|
|t P60, <03>, [BOOK], {603}
|a SNK
|b SNK
|y PREZ
|7 0
|p 17A0368861
|o snkSE 10290
|i snkKSP 217/2003
|0 0
|1 0
|4 0
|d 2003-01-09
|l 0
|r 2005-01-02 00:00:00
|w 2026-02-23
|
| 952 |
|
|
|t P60, <04>, [BOOK], {604}
|a SNK
|b SNK
|y VYP
|7 0
|p 17A0368942
|o snkSE 10290 D1
|i snkKSP 218/2003
|0 0
|1 0
|4 0
|d 2003-01-09
|l 0
|r 2005-01-02 00:00:00
|w 2026-02-23
|